000 00627nam a2200229 i 4500
001 C2-0298180
003 PPAK
005 20180728080320.0
008 090527s2007 ii a|||| ||||| | tam d
040 _aPPAK
_beng
_cPPAK
_erda
082 0 4 _a894.8114
_223
090 0 0 _a894.8114
_bYER
_dG
100 0 _aYercaud Elango,
_eauthor
245 1 0 _aNoble parisu petra penmanigal
264 1 _aChennai, India :
_bUsha Prasuram ,
_c2007
300 _a280 pages :
_billustrations ;
_c18 cm
336 _2rdacontent
_atext
337 _2rdamedia
_aunmediated
338 _2rdacarrier
_avolume
650 1 0 _aEssays
942 _ddc
_cB
999 _c102523
_d102523